The Stone Quiz Stats

 Plays Quiz Updated Dec 15, 2018

     
Support Sporcle.
Go Orange.
Score 0/26 Timer 07:00
1 Play Today
Hint Answer % Correct
Mick Jagger, Keith Richards, Charlie Watts, & Ronnie WoodThe Rolling Stones
95.6%
Prehistoric time period including the Paleolithic, Mesolithic, and Neolithic periodsThe Stone Age
91.4%
The first Harry Potter BookHarry Potter and the Sorcerer's Stone
76.5%
She can't trust her Basic InstinctsSharon Stone
72.6%
Director of 'Platoon' and 'Natural Born Killers'Oliver Stone
69.1%
Oft kissed Irish rockBlarney Stone
66.7%
Wiltshire's ancient stone monumentStonehenge
61.7%
American Civil War Confederate generalStonewall Jackson
60.6%
Piece of rock vital to deciphering hieroglyphsRosetta stone
59.8%
Three time Royal Rumble winnerStone Cold Steve Austin
50.5%
1965 Bob Dylan singleLike a Rolling Stone
50.5%
1963 Disney animated movieThe Sword in the Stone
49.8%
Co-Creator of South ParkMatt Stone
48.3%
Hint Answer % Correct
1984 Michael Douglas and Kathleen Turner movieRomancing the Stone
46.3%
Alt rock band that sang PlushStone Temple Pilots
45.1%
Former co-anchor of Dateline NBCStone Phillips
38%
2005 Sarah Jessica Parker movieThe Family Stone
34.7%
Harry Anderson's character from TV's 'Night Court'Judge Harold T. Stone
34.4%
Funk band that sang 'Hot Fun in the Summertime'Sly and the Family Stone
24.3%
Grammy nominated band that sings 'No One Knows' Queens of the Stone Age
20%
1972 hit for the TemptationsPapa Was a Rollin' Stone
18.2%
Singer of 'You Had Me'Joss Stone
8.8%
Guitarist and co-founding member of Pearl Jam Stone Gossard
7.9%
Author of 'The Agony and the Ecstasy' and 'Lust for Life'Irving Stone
4.9%
Margaret Laurence's 1965 novelThe Stone Angel
2.9%
Christian denomination also known as the American Restoration MovementStone-Campbell Movement
1.5%

From the Vault

USA Graph Puzzle II

by Alcas

Geography 15m
We're actually slowly rearranging the geography of the US. Don't tell anyone.
Remove Ads.
Support Sporcle.
Get the best of Sporcle when you Go Orange. This ad-free experience offers more features, more stats, and more fun while also helping to support Sporcle. Thank you for becoming a member.

Show Comments

Extras

Top Quizzes Today


Score Distribution

Your Account Isn't Verified!

In order to create a playlist on Sporcle, you need to verify the email address you used during registration. Go to your Sporcle Settings to finish the process.

Report this User

Report this user for behavior that violates our Community Guidelines.

Details: